| 000 | 02111nam a22003977a 4500 | ||
|---|---|---|---|
| 001 | 100444 | ||
| 003 | KnowledgeUnlatched | ||
| 005 | 20210303105343.0 | ||
| 006 | m o d | ||
| 007 | cr u|||||||||| | ||
| 008 | 210129p20172018mau o u00| u eng d | ||
| 035 | _a(OCoLC)1030819457 | ||
| 037 | _5BiblioBoard | ||
| 245 | 0 | 2 |
_aA Journal of Three Months' Walk in Persia in 1884 by Captain John Compton Pyne _bIntroduction, Notes and Translation / _cRussell Harris, Marjan Afsharian, Jeremy Archer. |
| 020 | _a9789087282820 | ||
| 029 | 1 | _ahttps://library.biblioboard.com/ext/api/media/b7257723-653e-4c01-afe4-845597b828d8/assets/thumbnail.jpg | |
| 040 |
_aScCtBLL _cScCtBLL |
||
| 506 | 0 |
_aAccess copy available to the general public. _fUnrestricted _2star |
|
| 700 | 1 |
_aHarris, Russell _eeditor. |
|
| 700 | 1 |
_aAfsharian, Marjan _eeditor. |
|
| 700 | 1 |
_aArcher, Jeremy _eauthor. |
|
| 264 | 1 | _bLeiden University Press, | |
| 300 | _a1 online resource (321 p.) | ||
| 520 | _aA primary source on a journey to Persia by Captain John Compton Pyne in 1884 revealing the West's fascination with the Middle East in Victorian times. The book includes an introduction by the editors and a transcription of the manuscript with notes and the original illustrations, mainly watercolours. An important historical document and eye-witness account pertaining to Iran, anthropology, area studies, study of orientalism and colonialism, and for historians. | ||
| 588 | 0 | _aDescription based on print version record. | |
| 590 | _aKU Select 2016 Front List Collection | ||
| 650 | 7 |
_aHistory / Middle East / Iran _2bisacsh |
|
| 650 | 7 |
_aHistory _2bisacsh |
|
| 650 | 0 | _aHistory | |
| 655 | 0 | _aElectronic books. | |
| 758 |
_iIs found in: _aKnowledge Unlatched _1https://openresearchlibrary.org/module/2774bc74-146a-484f-a7ba-ab1d6a09bbfb |
||
| 856 | 4 | 0 |
_uhttps://openresearchlibrary.org/content/b7257723-653e-4c01-afe4-845597b828d8 _zView this content on Open Research Library. _70 |
| 999 |
_c25186 _d25186 |
||